| 000 | 00890nam a2200301 a 4500 | ||
|---|---|---|---|
| 001 | 59014 | ||
| 003 | CO-BoRNBP | ||
| 005 | 20250901231631.0 | ||
| 007 | ta | ||
| 008 | 981202s1994 ck a jr 000 0 spa | ||
| 020 | _a9789580700920 | ||
| 040 |
_aCOBoBN _bspa _cCOBoBN |
||
| 082 |
_a811.44 _220 |
||
| 084 | _aP QUI4 | ||
| 100 | 1 |
_aQuintero, María Elena _eautora _964629 |
|
| 245 | 1 | 0 |
_aPolla pochola / Cumpledías; _cMaría Elena Quintero ; [ilustración, Maribel Suárez] |
| 250 | _a1a. edición | ||
| 264 |
_aMedellín, Colombia _bSusaeta _c1994 |
||
| 300 |
_bil. col. ; _c14 cm. |
||
| 336 |
_2rdacontent _atexto _btxt |
||
| 337 |
_2rdamedia _asin mediación _bn |
||
| 338 |
_2rdacarrier _avolumen _bnc |
||
| 490 | 0 | _aBolita de plumas | |
| 650 |
_aPoesía colombiana _ySiglo XX _2LEMB _91178 |
||
| 700 | 1 |
_aSuárez, Maribel, _eilustrador _964630 |
|
| 930 | _acjo | ||
| 942 |
_2ddc _cBK |
||
| 999 |
_c59014 _d59014 |
||